Préfectures françaises sans la lettre E - Statistiques

Statistiques générales
  • Ce quiz a été pris 131 fois
  • Le résultat moyen est 25 sur 31
Statistiques - réponses
Réponses % Correct
Pau
95%
Strasbourg
95%
Lyon
94%
Paris
94%
Tours
94%
Toulon
93%
Dijon
90%
Nancy
90%
Colmar
89%
Gap
89%
Arras
85%
Blois
85%
Albi
84%
Auch
84%
Laval
84%
Ajaccio
83%
Bastia
83%
Avignon
82%
Niort
82%
Foix
80%
Aurillac
79%
Cahors
79%
Privas
77%
Laon
76%
Montauban
76%
Saint lo
76%
Moulins
75%
Macon
71%
Chaumont
65%
Bobigny
64%
Dzaoudzi
12%
Aucun quiz correspondant
Distribution des résultats
% des personnes avec chaque résultat
Percentile par nombre de réponses
Votre historique - résultats
Vous n’avez pas pris ce quiz